[Event "Online Olym Top DivC 2021"]
[Site "chess.com INT"]
[Date "2021.09.09"]
[Round "1.4"]
[Board "2"]
[White "Fridman, Daniel"]
[Black "Santos Latasa, Jaime"]
[Result "1/2-1/2"]
[WhiteTitle "GM"]
[BlackTitle "GM"]
[WhiteElo "2619"]
[BlackElo "2627"]
[WhiteTeam "Germany"]
[BlackTeam "Spain"]
[WhiteFideId "11600454"]
[BlackFideId "2293307"]
[EventDate "2021.09.09"]
[EventType "team"]

1. d4 Nf6 2. Nf3 d5 3. c4 e6 4. g3 Be7 5. Bg2 O-O 6. Nc3 dxc4 7. Ne5 c5 8. dxc5
Qxd1+ 9. Nxd1 Bxc5 10. O-O Nc6 11. Nxc4 Bd7 12. Be3 Be7 13. Nc3 Rfd8 14. Rfd1
Be8 15. Bf4 h6 16. Bd6 Kf8 17. Rac1 Rac8 18. Nb5 a6 19. Bxe7+ Kxe7 20. Nbd6 Rc7
21. Nxe8 Nxe8 22. Nb6 Rxd1+ 23. Rxd1 Nd8 24. f4 Nd6 25. Rd2 f5 26. Kf2 N8f7 27.
b4 g5 28. a4 Nh8 29. a5 Ng6 30. e3 Nf8 31. Ke2 Nh7 32. Na4 Rc4 33. Rd4 Rxd4 34.
exd4 gxf4 35. Nc5 fxg3 36. hxg3 Nf6 37. Nxb7 Nb5 38. Nc5 Nxd4+ 39. Kd3 e5 40.
Nxa6 Kd6 41. Nc5 Nd5 42. Nb7+ Ke6 43. Nd8+ Kd6 44. Nf7+ Ke6 45. Bxd5+ Kxd5 46.
Nxh6 f4 47. gxf4 exf4 48. Ng4 Nc6 49. Kc3 f3 50. Ne3+ Ke4 51. Nd1 Kd5 52. Kb3
Nd4+ 53. Ka4 Kc6 54. Nf2 Nb5 55. Ng4 Nc3+ 56. Kb3 Nd5 57. Kc4 Kd6 58. b5 Nf4 59.
b6 Ne6 60. Nf2 Kc6 61. Ne4 Nf8 62. Nf2 Nd7 63. Nd3 Nxb6+ 64. axb6 Kxb6 65. Nf2
Kc6 66. Kd3 Kd6 67. Ke3 Kd5 68. Kxf3 1/2-1/2

[Event "Online Olym Top DivC 2021"]
[Site "chess.com INT"]
[Date "2021.09.09"]
[Round "1.4"]
[Board "3"]
[White "Vega Gutierrez, Sabrina"]
[Black "Paehtz, Elisabeth"]
[Result "0-1"]
[WhiteTitle "IM"]
[BlackTitle "IM"]
[WhiteElo "2397"]
[BlackElo "2465"]
[WhiteTeam "Spain"]
[BlackTeam "Germany"]
[WhiteFideId "2219026"]
[BlackFideId "4641833"]
[EventDate "2021.09.09"]
[EventType "team"]

1. e4 c5 2. Nf3 d6 3. d4 cxd4 4. Nxd4 Nf6 5. Nc3 a6 6. Bg5 Nbd7 7. Bc4 e6 8. Qd2
h6 9. Bxf6 Nxf6 10. O-O-O b5 11. Bb3 b4 12. Na4 Bd7 13. f4 Qa5 14. e5 Ne4 15.
Qe2 d5 16. f5 Bxa4 17. fxe6 O-O-O 18. Kb1 fxe6 19. Nxe6 Be7 20. Nxd8 Rxd8 21.
Bxd5 Nc5 22. Qg4+ Kb8 23. Qxg7 Qc7 24. Bb3 Bc6 25. Rhe1 a5 26. Rxd8+ Qxd8 27.
Qxh6 Kb7 28. Qc1 a4 29. Bc4 Qd4 30. Bf1 Be4 31. Qe3 Qd5 32. Bd3 Bxg2 33. Rg1 b3
34. axb3 axb3 35. h4 Nxd3 36. Qxd3 bxc2+ 37. Qxc2 Be4 0-1

[Event "Online Olym Top DivC 2021"]
[Site "chess.com INT"]
[Date "2021.09.09"]
[Round "1.4"]
[Board "4"]
[White "Heinemann, Josefine"]
[Black "Matnadze, Ana"]
[Result "0-1"]
[WhiteTitle "WGM"]
[BlackTitle "IM"]
[WhiteElo "2292"]
[BlackElo "2418"]
[WhiteTeam "Germany"]
[BlackTeam "Spain"]
[WhiteFideId "12900460"]
[BlackFideId "13601377"]
[EventDate "2021.09.09"]
[EventType "team"]

1. e4 c6 2. d4 d5 3. Nd2 dxe4 4. Nxe4 Nf6 5. Nxf6+ exf6 6. c3 Bd6 7. Bd3 O-O 8.
Qc2 Re8+ 9. Ne2 g6 10. O-O f5 11. g3 Nd7 12. Bf4 Nf6 13. Bxd6 Qxd6 14. Rfe1 Nd5
15. Qd2 Bd7 16. Nf4 Nxf4 17. Qxf4 Qxf4 18. gxf4 Be6 19. Re3 Red8 20. Re5 a5 21.
a3 Kg7 22. Rae1 Kf6 23. Bf1 h6 24. h4 Rd6 25. Bg2 a4 26. Rc5 Ra6 27. Bf1 Rb6 28.
Re2 Bd5 29. Ra5 Re6 30. Re5 Rxb2 31. Rxa4 Rb1 32. Rb4 Ra1 33. c4 Bf3 34. Rb2 Bg4
35. Kg2 Rxa3 36. Be2 Bxe2 37. Rbxe2 Rd3 38. d5 cxd5 39. cxd5 Rxd5 40. Rxd5 Rxe2
41. Rb5 Re7 42. Rb6+ Kg7 43. Kf3 h5 44. Kg3 Kf8 45. Kf3 Ke8 46. Rb2 Kd8 47. Rb3
Kc7 48. Rc3+ Kd6 49. Rb3 Kc6 50. Rc3+ Kd5 51. Rb3 Kc4 52. Rb1 b5 53. Rc1+ Kb4
54. Rb1+ Kc5 55. Rc1+ Kb6 56. Rb1 Re4 57. Rd1 b4 58. Rd8 Re7 59. Rd5 Kc6 60. Rd1
Kc5 61. Rd8 Rb7 0-1

[Event "Online Olym Top DivC 2021"]
[Site "chess.com INT"]
[Date "2021.09.09"]
[Round "1.4"]
[Board "5"]
[White "Henderson de La Fuente, Lance"]
[Black "Svane, Frederik"]
[Result "0-1"]
[WhiteTitle "GM"]
[BlackTitle "FM"]
[WhiteElo "2491"]
[BlackElo "2470"]
[WhiteTeam "Spain"]
[BlackTeam "Germany"]
[WhiteFideId "32096585"]
[BlackFideId "12923044"]
[EventDate "2021.09.09"]
[EventType "team"]

1. e4 c5 2. Nf3 e6 3. d4 cxd4 4. Nxd4 Nc6 5. Nc3 Qc7 6. g3 Nf6 7. Bg2 Nxd4 8.
Qxd4 Bc5 9. Qd3 Ng4 10. O-O a6 11. Qe2 h5 12. Bf4 d6 13. Rad1 Ne5 14. Na4 Ba7
15. b3 Bd7 16. Nb2 h4 17. Qd2 Ke7 18. Nd3 f6 19. c4 hxg3 20. hxg3 g5 21. Be3
Bxe3 22. Qxe3 Ng4 23. Qe2 Ne5 24. Rd2 Rad8 25. Rfd1 Bc6 26. Nb4 Qa5 27. Nd3 Nxd3
28. Rxd3 Qe5 29. b4 f5 30. Qe3 f4 31. Qd4 Qxd4 32. Rxd4 e5 33. R4d3 g4 34. gxf4
exf4 35. f3 Rdg8 36. Kf1 gxf3 37. Bxf3 Rg3 38. Bg2 Rxg2 39. Kxg2 Bxe4+ 40. Rf3
Ke6 41. Kf2 Rh2+ 42. Kg1 Bxf3 43. Rd3 Rh1+ 44. Kf2 Be4 0-1

[Event "Online Olym Top DivC 2021"]
[Site "chess.com INT"]
[Date "2021.09.09"]
[Round "1.4"]
[Board "6"]
[White "Schulze, Lara"]
[Black "Eizaguerri Floris, Maria"]
[Result "1-0"]
[WhiteTitle "FM"]
[BlackTitle "FM"]
[WhiteElo "2252"]
[BlackElo "2328"]
[WhiteTeam "Germany"]
[BlackTeam "Spain"]
[WhiteFideId "12956830"]
[BlackFideId "32065752"]
[EventDate "2021.09.09"]
[EventType "team"]

1. e4 c5 2. Nf3 d6 3. d4 cxd4 4. Nxd4 Nf6 5. Nc3 a6 6. Be3 e6 7. Be2 b5 8. Bf3
e5 9. Nf5 g6 10. Nd5 Nbd7 11. Nh6 Bb7 12. Bg5 Bxd5 13. exd5 Qc7 14. O-O Be7 15.
h4 Rc8 16. c3 Nb6 17. Rc1 Ng8 18. Nxg8 Rxg8 19. b3 f5 20. Be2 Bxg5 21. hxg5 Qe7
22. a4 Rc5 23. c4 b4 24. a5 Na8 25. Qd2 Qb7 26. Ra1 Kf7 27. Ra4 Rb8 28. f4 Qe7
29. Rxb4 Rxb4 30. Qxb4 exf4 31. Bf3 Qc7 32. Re1 Qxa5 33. Qb7+ Nc7 34. Re6 Qa1+
35. Kh2 Qd4 36. Rf6+ Ke7 37. Qc8 Ne8 38. Re6+ Kf7 39. Qxe8+ Kg7 40. Re7# 1-0

[Event "Online Olym Top DivC 2021"]
[Site "chess.com INT"]
[Date "2021.09.09"]
[Round "1.5"]
[Board "1"]
[White "Dubov, Daniil"]
[Black "Ivanchuk, Vasyl"]
[Result "0-1"]
[WhiteTitle "GM"]
[BlackTitle "GM"]
[WhiteElo "2714"]
[BlackElo "2678"]
[WhiteTeam "Russia"]
[BlackTeam "Ukraine"]
[WhiteFideId "24126055"]
[BlackFideId "14100010"]
[EventDate "2021.09.09"]
[EventType "team"]

1. d4 d5 2. c4 e6 3. Nf3 Nf6 4. g3 Bb4+ 5. Nbd2 O-O 6. Bg2 b6 7. O-O Bb7 8. Ne5
Re8 9. Ndf3 Bf8 10. Ng5 Re7 11. Bh3 Qe8 12. b3 h6 13. Ngf3 Na6 14. c5 bxc5 15.
Ba3 cxd4 16. Bxe7 Bxe7 17. Qxd4 Ne4 18. Rac1 c5 19. Qb2 Bf6 20. Qa3 Nc7 21. Qa5
Nb5 22. a4 Nbc3 23. Qc7 Ba6 24. e3 Ne2+ 25. Kg2 Nxc1 26. Rxc1 Qe7 27. Nd7 Rd8
28. Nxf6+ Qxf6 29. Qxa7 Qb2 30. Bg4 Qxf2+ 31. Kh1 Be2 0-1

[Event "Online Olym Top DivC 2021"]
[Site "chess.com INT"]
[Date "2021.09.09"]
[Round "1.5"]
[Board "2"]
[White "Shevchenko, Kirill"]
[Black "Artemiev, Vladislav"]
[Result "0-1"]
[WhiteTitle "GM"]
[BlackTitle "GM"]
[WhiteElo "2633"]
[BlackElo "2699"]
[WhiteTeam "Ukraine"]
[BlackTeam "Russia"]
[WhiteFideId "14129574"]
[BlackFideId "24101605"]
[EventDate "2021.09.09"]
[EventType "team"]

1. c4 e5 2. Nc3 Nf6 3. Nf3 Nc6 4. e3 g6 5. d4 exd4 6. exd4 Bg7 7. d5 Ne7 8. Bd3
O-O 9. O-O d6 10. h3 Bf5 11. Re1 Bxd3 12. Qxd3 Qd7 13. Bf4 Rae8 14. a4 h6 15.
Bh2 a6 16. a5 Nf5 17. g4 Ne7 18. Kg2 h5 19. g5 Nh7 20. Ne4 Nf5 21. Re2 Qd8 22.
Rae1 Re7 23. Bf4 Rfe8 24. Ng3 Nxg3 25. fxg3 Nf8 26. b4 Nd7 27. h4 Rxe2+ 28. Rxe2
Rxe2+ 29. Qxe2 Bc3 30. Bd2 Bxd2 31. Nxd2 Kf8 32. Nf3 b6 33. Qa2 bxa5 34. Qxa5
Nb6 35. Qxa6 Qe7 36. Qa2 Qe4 37. c5 dxc5 38. bxc5 Nxd5 39. Qf2 Ne3+ 40. Kg1 Ng4
41. Qf1 Qe3+ 42. Kh1 Qxc5 43. Qe2 Qe3 44. Qxe3 Nxe3 45. Kg1 Ke7 46. Kf2 Ng4+ 47.
Ke2 Ke6 48. Nd4+ Kd5 49. Nb5 c6 50. Na3 Ne5 51. Ke3 Nc4+ 52. Nxc4 Kxc4 53. Ke4
c5 54. Ke5 Kd3 55. Kf6 c4 56. Kxf7 c3 57. Kxg6 c2 58. Kh7 c1=Q 59. g6 Ke3 60. g7
Qc8 61. g4 Qxg4 62. g8=Q Qxg8+ 63. Kxg8 Kf4 64. Kg7 Kg4 0-1

[Event "Online Olym Top DivC 2021"]
[Site "chess.com INT"]
[Date "2021.09.09"]
[Round "1.5"]
[Board "3"]
[White "Goryachkina, Aleksandra"]
[Black "Osmak, Iulija"]
[Result "1/2-1/2"]
[WhiteTitle "GM"]
[BlackTitle "IM"]
[WhiteElo "2608"]
[BlackElo "2428"]
[WhiteTeam "Russia"]
[BlackTeam "Ukraine"]
[WhiteFideId "4147103"]
[BlackFideId "14101602"]
[EventDate "2021.09.09"]
[EventType "team"]

1. d4 Nf6 2. c4 e6 3. Nf3 b6 4. g3 Bb7 5. Bg2 Be7 6. O-O O-O 7. Nc3 Ne4 8. Bd2
Bf6 9. Rc1 Nxd2 10. Qxd2 d6 11. e4 Nd7 12. Rfe1 g6 13. Rcd1 Bg7 14. b4 Qe7 15.
d5 a5 16. a3 Bxc3 17. Qxc3 e5 18. Nd2 Ra7 19. Nb3 axb4 20. axb4 Rfa8 21. Ra1 Qf8
22. Rxa7 Rxa7 23. Ra1 Qa8 24. Bh3 Rxa1+ 25. Qxa1 Qxa1+ 26. Nxa1 Nf6 27. f3 Ba6
28. b5 Bb7 29. Nc2 Kf8 30. Nb4 Ke7 31. Kf2 Nd7 32. Bxd7 Kxd7 33. Ke3 Bc8 34. h4
Ke8 35. g4 h6 36. Nd3 g5 37. h5 f6 38. Kd2 Kd8 39. Kc3 Bd7 40. Kb4 Kc8 41. Kb3
Kb7 42. Nb4 Kc8 43. Nc2 Kb7 44. Ne3 Kc8 45. Kb4 Kb7 46. Kb3 Kc8 47. Kc3 Kb7 48.
Nc2 Kc8 49. Kb4 Kb7 50. Ne3 Kc8 51. Kc3 Kb7 52. Kb4 Kc8 53. Kc3 1/2-1/2

[Event "Online Olym Top DivC 2021"]
[Site "chess.com INT"]
[Date "2021.09.09"]
[Round "1.5"]
[Board "4"]
[White "Buksa, Nataliya"]
[Black "Kosteniuk, Alexandra"]
[Result "0-1"]
[WhiteTitle "IM"]
[BlackTitle "GM"]
[WhiteElo "2417"]
[BlackElo "2526"]
[WhiteTeam "Ukraine"]
[BlackTeam "Russia"]
[WhiteFideId "14123622"]
[BlackFideId "4128125"]
[EventDate "2021.09.09"]
[EventType "team"]

1. e4 c5 2. Nf3 e6 3. d4 cxd4 4. Nxd4 Nc6 5. Nc3 Nf6 6. Nxc6 bxc6 7. e5 Nd5 8.
Ne4 Qc7 9. f4 Qb6 10. c4 Bb4+ 11. Ke2 f5 12. Nf2 Ne7 13. Be3 Bc5 14. Bxc5 Qxc5
15. b3 g5 16. Qd6 Qa5 17. fxg5 Qc3 18. Rd1 a5 19. Qd4 Qxd4 20. Rxd4 c5 21. Rd6
Bb7 22. h4 a4 23. Rh3 Ng6 24. Nd3 axb3 25. axb3 Ke7 26. Nxc5 Bc6 27. Rd4 Ra2+
28. Ke1 Nxe5 29. Re3 d6 30. b4 dxc5 31. Rd2 Ra1+ 32. Rd1 Rxd1+ 33. Kxd1 Rd8+ 34.
Ke1 Ng4 35. Rb3 cxb4 36. Rxb4 Ne3 37. Rb6 Bxg2 38. Be2 f4 39. Ra6 f3 40. Bxf3
Bxf3 41. Kf2 Bb7 42. Ra7 Nd1+ 43. Ke1 Rd7 44. c5 Nc3 45. h5 Ne4 46. g6 hxg6 47.
h6 Nxc5 48. Ra5 Kd6 49. Ra2 Rh7 50. Rd2+ Bd5 0-1

[Event "Online Olym Top DivC 2021"]
[Site "chess.com INT"]
[Date "2021.09.09"]
[Round "1.5"]
[Board "5"]
[White "Esipenko, Andrey"]
[Black "Roshka, Yevgeniy"]
[Result "1-0"]
[WhiteTitle "GM"]
[BlackTitle "IM"]
[WhiteElo "2720"]
[BlackElo "2479"]
[WhiteTeam "Russia"]
[BlackTeam "Ukraine"]
[WhiteFideId "24175439"]
[BlackFideId "14129558"]
[EventDate "2021.09.09"]
[EventType "team"]

1. e4 e6 2. d4 d5 3. e5 c5 4. c3 Qb6 5. Nf3 Nc6 6. a3 Nh6 7. Bd3 Bd7 8. O-O cxd4
9. b4 dxc3 10. Nxc3 a5 11. Be3 d4 12. Na4 Qa7 13. Bxh6 axb4 14. axb4 gxh6 15. b5
Nb4 16. Bc4 Rg8 17. Nxd4 Rc8 18. Nb3 Rxc4 19. Nb2 Qb8 20. Nxc4 Bxb5 21. Nb6 Na6
22. Rc1 Nc7 23. Nd4 Bc5 24. Nxb5 Bxb6 25. Qd6 1-0

[Event "Online Olym Top DivC 2021"]
[Site "chess.com INT"]
[Date "2021.09.09"]
[Round "1.5"]
[Board "6"]
[White "Berdnyk, Mariia"]
[Black "Shuvalova, Polina"]
[Result "0-1"]
[WhiteTitle "FM"]
[BlackTitle "IM"]
[WhiteElo "2308"]
[BlackElo "2510"]
[WhiteTeam "Ukraine"]
[BlackTeam "Russia"]
[WhiteFideId "14137054"]
[BlackFideId "24171760"]
[EventDate "2021.09.09"]
[EventType "team"]

1. d4 d5 2. c4 e6 3. Nf3 Nf6 4. g3 Bb4+ 5. Bd2 Be7 6. Bg2 O-O 7. Qc2 Nbd7 8. h4
c6 9. Nc3 b6 10. e4 dxe4 11. Nxe4 Bb7 12. O-O-O c5 13. Nxf6+ Nxf6 14. dxc5 Be4
15. Qc3 Qc7 16. Be3 Qb7 17. Bd4 bxc5 18. Be5 Rfd8 19. Rhe1 Ng4 20. Bxg7 f6 21.
Rxd8+ Rxd8 22. Ne5 Bxg2 23. Nxg4 Kxg7 24. Rxe6 Rd1+ 25. Kxd1 Qd7+ 26. Qd2 Bf3+
27. Kc1 Qxe6 28. Qh6+ Kg8 29. Ne3 Qe5 30. Qf4 Qxf4 31. gxf4 Bd6 32. f5 Be4 33.
Nd5 Kf7 34. Ne3 Bf4 35. Kd2 Bxf5 0-1

[Event "Online Olym Top DivC 2021"]
[Site "chess.com INT"]
[Date "2021.09.09"]
[Round "2.1"]
[Board "1"]
[White "Mustaps, Matiss"]
[Black "Ivanchuk, Vasyl"]
[Result "1/2-1/2"]
[WhiteTitle "FM"]
[BlackTitle "GM"]
[WhiteElo "2356"]
[BlackElo "2678"]
[WhiteTeam "Latvia"]
[BlackTeam "Ukraine"]
[WhiteFideId "11602295"]
[BlackFideId "14100010"]
[EventDate "2021.09.09"]
[EventType "team"]

1. e4 e5 2. Nf3 Nc6 3. Bb5 a6 4. Ba4 Nf6 5. d3 d6 6. c3 g6 7. Nbd2 Bg7 8. O-O
O-O 9. Re1 Re8 10. Nf1 b5 11. Bb3 Na5 12. Bc2 c5 13. a3 c4 14. d4 Bg4 15. dxe5
dxe5 16. Qe2 Qc7 17. h3 Be6 18. Bg5 h6 19. Bxf6 Bxf6 20. Ne3 Rad8 21. Rad1 Nb7
22. h4 h5 23. a4 Nc5 24. axb5 axb5 25. Rxd8 Rxd8 26. Rd1 Kg7 27. g3 Qb8 28. Ng5
Bxg5 29. hxg5 Qa8 30. Nf5+ Kf8 31. g4 hxg4 32. Qxg4 Rxd1+ 33. Qxd1 Nd3 34. Bxd3
cxd3 35. Ng3 Qd8 36. Qd2 Bc4 37. Kg2 Qe7 38. f3 Kg7 39. Kf2 Qa7+ 40. Kg2 Qe7 41.
Kf2 Qa7+ 42. Kg2 Qe7 1/2-1/2

[Event "Online Olym Top DivC 2021"]
[Site "chess.com INT"]
[Date "2021.09.09"]
[Round "2.1"]
[Board "2"]
[White "Korobov, Anton"]
[Black "Lavendelis, Egons"]
[Result "0-1"]
[WhiteTitle "GM"]
[BlackTitle "FM"]
[WhiteElo "2685"]
[BlackElo "2304"]
[WhiteTeam "Ukraine"]
[BlackTeam "Latvia"]
[WhiteFideId "14105730"]
[BlackFideId "11601647"]
[EventDate "2021.09.09"]
[EventType "team"]

1. d4 Nf6 2. c4 g6 3. Nc3 d5 4. cxd5 Nxd5 5. e4 Nxc3 6. bxc3 Bg7 7. Bc4 O-O 8.
Ne2 c5 9. O-O Nc6 10. Be3 cxd4 11. cxd4 Na5 12. Bd3 Qd7 13. Rc1 b6 14. h4 Bb7
15. h5 Rac8 16. h6 Bh8 17. Qd2 Rxc1 18. Rxc1 Rc8 19. Rxc8+ Qxc8 20. Qb4 Nc6 21.
Qa3 Qd7 22. e5 Na5 23. Nf4 g5 24. Nh5 f6 25. Bb5 Qg4 26. Ng3 Qe6 27. Qc1 fxe5
28. Qc7 Qd6 29. Qxd6 exd6 30. dxe5 Bxe5 31. Bxg5 Bd5 32. Nf5 Bxa2 33. f4 Bc3 34.
Nxd6 Bb4 35. Ne4 Kf7 36. Bd8 Nb7 37. Ng5+ Kg6 38. Bd3+ Kxh6 39. Bf6 Nd6 40. g4
Bd5 41. Kh2 a5 42. Kh3 a4 43. Be5 a3 44. Bxh7 Nf7 45. Nxf7+ Kxh7 46. Nd6 a2 47.
Nf5 Bd2 48. Kg3 b5 49. g5 b4 50. g6+ Kxg6 51. Ne7+ Kf7 52. Nxd5 Bc3 0-1

[Event "Online Olym Top DivC 2021"]
[Site "chess.com INT"]
[Date "2021.09.09"]
[Round "2.1"]
[Board "3"]
[White "Rogule, Laura"]
[Black "Osmak, Iulija"]
[Result "1-0"]
[WhiteTitle "WGM"]
[BlackTitle "IM"]
[WhiteElo "2286"]
[BlackElo "2428"]
[WhiteTeam "Latvia"]
[BlackTeam "Ukraine"]
[WhiteFideId "11601876"]
[BlackFideId "14101602"]
[EventDate "2021.09.09"]
[EventType "team"]

1. d4 Nf6 2. c4 e6 3. Nf3 b6 4. g3 Bb7 5. Bg2 Be7 6. O-O O-O 7. Re1 d5 8. cxd5
exd5 9. Bf4 Nbd7 10. Nc3 c5 11. Rc1 Rc8 12. Nb5 Nh5 13. Nd6 Bxd6 14. Bxd6 Re8
15. Bh3 Nhf6 16. Ne5 Ra8 17. Nxd7 Nxd7 18. dxc5 Nxc5 19. Bxc5 bxc5 20. Rxc5 d4
21. Bg2 Bxg2 22. Kxg2 Qd6 23. b4 a5 24. Rxa5 Qxb4 25. Rxa8 Rxa8 26. Qd3 Rxa2 27.
Rb1 Rb2 28. Rc1 g6 29. Qe4 Qb7 30. Qxb7 Rxb7 31. Rd1 Rb4 32. Kf3 f5 33. Rd3 Kf7
34. g4 Kf6 35. h3 h6 36. Ra3 Rc4 37. Ra6+ Kg5 38. h4+ Kxh4 39. Rxg6 fxg4+ 40.
Rxg4+ Kh5 41. Kg3 Rc2 42. Re4 Kg5 43. Kf3 Rd2 44. Re5+ Kf6 45. Rd5 Kg6 46. Re5
Kf6 47. Rd5 Kg6 48. Rd8 h5 49. Rg8+ Kf5 50. Rh8 Kg5 51. Rd8 h4 52. Rg8+ Kf5 53.
Rh8 Kg5 54. Rg8+ Kf5 55. Rg4 d3 56. e4+ Kf6 57. Rxh4 Re2 58. Rh5 Ra2 59. Rd5 Ra3
60. Ke3 Ke6 61. Rxd3 Ra1 62. f4 Re1+ 63. Kd4 Ra1 64. Rc3 Rf1 65. Rc6+ Kd7 66.
Rf6 Ke7 67. Ke5 Ra1 68. Rd6 Re1 69. Rb6 Ra1 70. Rb7+ Ke8 71. Kf6 Ra6+ 72. Kf5
Rc6 73. e5 Rc4 74. e6 Ra4 75. Ke5 Rc4 76. f5 Ra4 77. Kf6 Ra8 78. Rh7 1-0

[Event "Online Olym Top DivC 2021"]
[Site "chess.com INT"]
[Date "2021.09.09"]
[Round "2.1"]
[Board "4"]
[White "Zhukova, Natalia"]
[Black "Vidruska, Renate"]
[Result "1-0"]
[WhiteTitle "GM"]
[BlackTitle "WFM"]
[WhiteElo "2331"]
[BlackElo "2000"]
[WhiteTeam "Ukraine"]
[BlackTeam "Latvia"]
[WhiteFideId "14101513"]
[BlackFideId "11601841"]
[EventDate "2021.09.09"]
[EventType "team"]

1. c4 e5 2. Nc3 Nf6 3. Nf3 Nc6 4. e4 Bc5 5. Nxe5 Nxe5 6. d4 Bb4 7. dxe5 Nxe4 8.
Qf3 Nxc3 9. bxc3 Bc5 10. Qg3 Kf8 11. Be2 d6 12. Bf4 h5 13. Rd1 h4 14. Qf3 g5 15.
Be3 Qe7 16. Bxc5 dxc5 17. Qe4 Rb8 18. O-O f5 19. Qc2 Be6 20. Bd3 Qf7 21. Qc1 Rg8
22. Qa3 b6 23. Qxa7 Kg7 24. Qa3 Ra8 25. Qc1 Kh6 26. Rd2 Ra4 27. Rfd1 Rga8 28.
Qb1 Ra3 29. Rc1 Kg7 30. h3 Kh6 31. Re2 R3a5 32. Rd1 b5 33. cxb5 c4 34. Bc2 Rxa2
35. Qb4 R2a7 36. Qc5 Rb7 37. Red2 Rab8 38. Ba4 Rb6 39. Rd8 Kg7 40. Rxb8 Rxb8 41.
Qe3 Kg6 42. Qc5 Kg7 43. Bc2 Rg8 44. Ra1 Kh8 45. Ra7 Rg7 46. Qd4 Kh7 47. b6 c5
48. Qxc5 Qg6 49. b7 Qe8 50. Ra8 1-0

[Event "Online Olym Top DivC 2021"]
[Site "chess.com INT"]
[Date "2021.09.09"]
[Round "2.1"]
[Board "5"]
[White "Golubovskis, Maksims"]
[Black "Roshka, Yevgeniy"]
[Result "0-1"]
[WhiteTitle "FM"]
[BlackTitle "IM"]
[WhiteElo "2210"]
[BlackElo "2479"]
[WhiteTeam "Latvia"]
[BlackTeam "Ukraine"]
[WhiteFideId "11608528"]
[BlackFideId "14129558"]
[EventDate "2021.09.09"]
[EventType "team"]

1. e4 c5 2. Nf3 Nc6 3. d4 cxd4 4. Nxd4 e5 5. Nb5 a6 6. Nd6+ Bxd6 7. Qxd6 Qe7 8.
Qd1 Nf6 9. Nc3 d6 10. Bg5 Be6 11. Nd5 Bxd5 12. exd5 Nb8 13. Be2 h6 14. Bh4 Nbd7
15. O-O O-O 16. c4 g5 17. Bg3 Ne4 18. Qc2 f5 19. Bd3 Nxg3 20. fxg3 e4 21. Be2
Qe5 22. Rac1 Qd4+ 23. Kh1 Qe3 24. Rce1 Ne5 25. g4 fxg4 26. Bf3 Qd3 27. Qxd3 exd3
28. Be4 d2 29. Rxf8+ Rxf8 30. Rd1 Nxc4 31. h3 Re8 32. Bc2 g3 0-1

[Event "Online Olym Top DivC 2021"]
[Site "chess.com INT"]
[Date "2021.09.09"]
[Round "2.1"]
[Board "6"]
[White "Berdnyk, Mariia"]
[Black "Golsta, Madara"]
[Result "1-0"]
[WhiteTitle "FM"]
[WhiteElo "2308"]
[BlackElo "1967"]
[WhiteTeam "Ukraine"]
[BlackTeam "Latvia"]
[WhiteFideId "14137054"]
[BlackFideId "11607386"]
[EventDate "2021.09.09"]
[EventType "team"]

1. d4 Nf6 2. c4 g6 3. Nc3 d5 4. cxd5 Nxd5 5. e4 Nxc3 6. bxc3 Bg7 7. Nf3 c5 8.
Be3 Nc6 9. Qd2 Qa5 10. Rc1 cxd4 11. cxd4 Qxd2+ 12. Kxd2 O-O 13. Bb5 Rd8 14. Bxc6
bxc6 15. Rhd1 Bg4 16. Ke1 Rac8 17. Rc5 Bxf3 18. gxf3 e6 19. e5 Bf8 20. Rc4 Rd5
21. Rdc1 c5 22. f4 g5 23. fxg5 Kg7 24. f4 cxd4 25. Rxc8 dxe3 26. Ke2 Rd2+ 27.
Kxe3 Rxa2 28. Rb8 Ba3 29. Rc7 Rxh2 30. Rbb7 Kg6 31. Rxf7 Bc5+ 32. Kf3 1-0

[Event "Online Olym Top DivC 2021"]
[Site "chess.com INT"]
[Date "2021.09.09"]
[Round "2.2"]
[Board "1"]
[White "Donchenko, Alexander"]
[Black "Dubov, Daniil"]
[Result "0-1"]
[WhiteTitle "GM"]
[BlackTitle "GM"]
[WhiteElo "2641"]
[BlackElo "2714"]
[WhiteTeam "Germany"]
[BlackTeam "Russia"]
[WhiteFideId "24603295"]
[BlackFideId "24126055"]
[EventDate "2021.09.09"]
[EventType "team"]

1. Nf3 d5 2. d4 Nf6 3. c4 c6 4. e3 Bf5 5. Nc3 e6 6. Nh4 Bg6 7. Be2 Be7 8. O-O
O-O 9. Nxg6 hxg6 10. Qb3 Qc7 11. Bd2 Nbd7 12. Rac1 Nb6 13. cxd5 exd5 14. Na4 Nc4
15. Bxc4 dxc4 16. Qc2 Rfd8 17. Nc3 b5 18. Ne2 c5 19. b3 Ng4 20. g3 cxd4 21. exd4
Rac8 22. bxc4 bxc4 23. Qa4 Ne5 24. dxe5 Rxd2 25. Nf4 g5 26. Ng2 Bc5 27. e6 fxe6
28. Rc2 Rxc2 29. Qxc2 Qe5 30. Rc1 c3 31. Ne1 Bb6 32. Nd3 Qf5 33. Qe2 Bd4 34. Rc2
e5 35. Nc1 g4 36. Nb3 Bb6 37. Kg2 e4 38. Kg1 e3 39. fxe3 Qe4 40. Nd4 Bxd4 41.
exd4 Qxe2 42. Rxe2 c2 0-1

[Event "Online Olym Top DivC 2021"]
[Site "chess.com INT"]
[Date "2021.09.09"]
[Round "2.2"]
[Board "2"]
[White "Artemiev, Vladislav"]
[Black "Fridman, Daniel"]
[Result "1-0"]
[WhiteTitle "GM"]
[BlackTitle "GM"]
[WhiteElo "2699"]
[BlackElo "2619"]
[WhiteTeam "Russia"]
[BlackTeam "Germany"]
[WhiteFideId "24101605"]
[BlackFideId "11600454"]
[EventDate "2021.09.09"]
[EventType "team"]

1. d4 d5 2. Bg5 h6 3. Bh4 c6 4. Nf3 Qb6 5. b3 Bf5 6. e3 e6 7. Be2 Bb4+ 8. Nfd2
Nd7 9. O-O Be7 10. Bxe7 Nxe7 11. c4 O-O 12. Nc3 Rac8 13. Nf3 Rfd8 14. c5 Qb4 15.
Qd2 b6 16. cxb6 axb6 17. Qb2 Bg4 18. Rfd1 Ra8 19. a3 Qd6 20. a4 Qb4 21. Ne1 Bxe2
22. Nxe2 c5 23. Nd3 Qa5 24. h3 Nc6 25. Rdc1 Rdc8 26. dxc5 bxc5 27. Qc3 Qxc3 28.
Rxc3 Na5 29. b4 cxb4 30. Nxb4 Nb6 31. Rxc8+ Rxc8 32. Nd3 Rc4 33. Rb1 Nxa4 34.
Rb8+ Kh7 35. Rf8 Nc6 36. Rxf7 e5 37. Rf5 Rc2 38. Ng3 d4 39. exd4 exd4 40. Rf7
Nc5 41. Nxc5 Rxc5 42. Rd7 Rc1+ 43. Kh2 Rc2 44. f4 Rf2 45. Nh5 Kg6 46. Kg1 Rc2
47. g4 Kh7 48. Rxg7+ Kh8 49. Rd7 Kg8 50. Ng3 Rc1+ 51. Kf2 Rc2+ 52. Ne2 Rd2 53.
Rd6 d3 54. Rxc6 Rxe2+ 55. Kf3 Kg7 56. Rd6 Rh2 57. Kg3 Rd2 58. Kf3 Rh2 59. Kg3
Rd2 60. Kh4 Rf2 61. Rd7+ Kg8 62. Rxd3 Rxf4 63. Rd6 Kg7 64. Kh5 Rf3 65. h4 Rf4
66. Rg6+ Kh7 67. Rxh6+ Kg7 68. Ra6 Rf7 69. Kg5 Rb7 70. Rg6+ Kh7 71. Rf6 Kg7 72.
h5 Ra7 73. h6+ Kh7 74. Kh5 Ra1 75. Rf7+ Kg8 76. Kg6 Ra6+ 77. Rf6 Ra8 78. g5 Kh8
79. Re6 Kg8 80. Kf5 Kh7 81. Re7+ Kg8 82. g6 Ra5+ 83. Kf6 Ra6+ 84. Re6 Ra8 85.
Rd6 Re8 86. Rd7 Ra8 87. Ke7 1-0